Four perfect pebbles : (Record no. 34446)
[ view plain ]
| 000 -LEADER | |
|---|---|
| fixed length control field | 02055cam a2200493 a 4500 |
| 001 - CONTROL NUMBER | |
| control field | 4924031 |
| 003 - CONTROL NUMBER IDENTIFIER | |
| control field | OSt |
| 005 - DATE AND TIME OF LATEST TRANSACTION | |
| control field | 20140310184439.0 |
| 008 - FIXED-LENGTH DATA ELEMENTS--GENERAL INFORMATION | |
| fixed length control field | 950216s1996 nyua j b 000 0aeng |
| 010 ## - LIBRARY OF CONGRESS CONTROL NUMBER | |
| LC control number | 95009752 |
| 020 ## - INTERNATIONAL STANDARD BOOK NUMBER | |
| International Standard Book Number | 0590381962 |
| 020 ## - INTERNATIONAL STANDARD BOOK NUMBER | |
| International Standard Book Number | 9780590381963 |
| 040 ## - CATALOGING SOURCE | |
| Original cataloging agency | DLC |
| Transcribing agency | DLC |
| Modifying agency | DLC |
| 042 ## - AUTHENTICATION CODE | |
| Authentication code | lcac |
| 043 ## - GEOGRAPHIC AREA CODE | |
| Geographic area code | e-gx--- |
| -- | e-ne--- |
| 050 00 - LIBRARY OF CONGRESS CALL NUMBER | |
| Classification number | DS 135.G5 |
| Item number | .P451 1996 |
| 100 1# - MAIN ENTRY--PERSONAL NAME | |
| Personal name | Perl, Lila. |
| 9 (RLIN) | 13470 |
| 245 10 - TITLE STATEMENT | |
| Title | Four perfect pebbles : |
| Remainder of title | a Holocaust story / |
| Statement of responsibility, etc | Lila Perl and Marion Blumenthal Lazan. |
| 250 ## - EDITION STATEMENT | |
| Edition statement | 1st ed. |
| 260 ## - PUBLICATION, DISTRIBUTION, ETC. (IMPRINT) | |
| Place of publication, distribution, etc | New York : |
| Name of publisher, distributor, etc | Greenwillow Books, |
| Date of publication, distribution, etc | 1996. |
| 300 ## - PHYSICAL DESCRIPTION | |
| Extent | 130 p. : |
| Other physical details | ill. ; |
| Dimensions | 24 cm. |
| 521 ## - TARGET AUDIENCE NOTE | |
| Target audience note | |
| 526 ## - STUDY PROGRAM INFORMATION NOTE | |
| Reading level | 1080 |
| 600 10 - SUBJECT ADDED ENTRY--PERSONAL NAME | |
| Personal name | Lazan, Marion Blumenthal |
| General subdivision | Childhood and youth |
| -- | Juvenile literature. |
| 9 (RLIN) | 27413 |
| 600 11 - SUBJECT ADDED ENTRY--PERSONAL NAME | |
| Personal name | Lazan, Marion Blumenthal |
| General subdivision | Childhood and youth. |
| 9 (RLIN) | 27414 |
| 610 20 - SUBJECT ADDED ENTRY--CORPORATE NAME | |
| Corporate name or jurisdiction name as entry element | Westerbork (Concentration camp) |
| General subdivision | Juvenile literature. |
| 9 (RLIN) | 27415 |
| 610 20 - SUBJECT ADDED ENTRY--CORPORATE NAME | |
| Corporate name or jurisdiction name as entry element | Bergen-Belsen (Concentration camp) |
| General subdivision | Juvenile literature. |
| 9 (RLIN) | 27416 |
| 650 #0 - SUBJECT ADDED ENTRY--TOPICAL TERM | |
| Topical term or geographic name as entry element | Jews |
| Geographic subdivision | Germany |
| General subdivision | Biography |
| -- | Juvenile literature. |
| 9 (RLIN) | 27417 |
| 650 #0 - SUBJECT ADDED ENTRY--TOPICAL TERM | |
| Topical term or geographic name as entry element | Holocaust, Jewish (1939-1945) |
| General subdivision | Personal narratives |
| -- | Juvenile literature. |
| 9 (RLIN) | 27418 |
| 650 #1 - SUBJECT ADDED ENTRY--TOPICAL TERM | |
| Topical term or geographic name as entry element | Jews |
| Geographic subdivision | Germany |
| General subdivision | Biography. |
| 9 (RLIN) | 27419 |
| 650 #1 - SUBJECT ADDED ENTRY--TOPICAL TERM | |
| Topical term or geographic name as entry element | Holocaust, Jewish (1939-1945) |
| General subdivision | Personal narratives. |
| 9 (RLIN) | 27420 |
| 651 #0 - SUBJECT ADDED ENTRY--GEOGRAPHIC NAME | |
| Geographic name | Germany |
| General subdivision | Biography |
| -- | Juvenile literature. |
| 9 (RLIN) | 27421 |
| 651 #1 - SUBJECT ADDED ENTRY--GEOGRAPHIC NAME | |
| Geographic name | Westerbork (Netherlands : Concentration camp) |
| 9 (RLIN) | 13480 |
| 651 #1 - SUBJECT ADDED ENTRY--GEOGRAPHIC NAME | |
| Geographic name | Bergen-Belsen (Germany : Concentration camp) |
| 9 (RLIN) | 13481 |
| 700 1# - ADDED ENTRY--PERSONAL NAME | |
| Personal name | Lazan, Marion Blumenthal. |
| 9 (RLIN) | 13482 |
| 856 42 - ELECTRONIC LOCATION AND ACCESS | |
| Materials specified | Publisher description |
| Uniform Resource Identifier | <a href="http://www.loc.gov/catdir/description/hc044/95009752.html">http://www.loc.gov/catdir/description/hc044/95009752.html</a> |
| 856 42 - ELECTRONIC LOCATION AND ACCESS | |
| Materials specified | Contributor biographical information |
| Uniform Resource Identifier | <a href="http://www.loc.gov/catdir/enhancements/fy0911/95009752-b.html">http://www.loc.gov/catdir/enhancements/fy0911/95009752-b.html</a> |
| 906 ## - LOCAL DATA ELEMENT F, LDF (RLIN) | |
| a | 7 |
| b | cbc |
| c | orignew |
| d | 1 |
| e | ocip |
| f | 19 |
| g | y-gencatlg |
| 942 ## - ADDED ENTRY ELEMENTS (KOHA) | |
| Source of classification or shelving scheme | Library of Congress Classification |
| Koha item type | |
| Withdrawn status | Lost status | Source of classification or shelving scheme | Damaged status | Home library | Current library | Shelving location | Date acquired | Total Checkouts | Full call number | Barcode | Date last seen | Copy number | Price effective from | Koha item type |
|---|---|---|---|---|---|---|---|---|---|---|---|---|---|---|
| Library of Congress Classification | Luxembourg Library | Luxembourg Library | Scholastic Reading Center Section | 10/10/2013 | DS 135.G5 .P451 1996 | LEX2218 | 04/18/2017 | 1 | 10/10/2013 | Books | ||||
| Library of Congress Classification | Luxembourg Library | Luxembourg Library | Scholastic Reading Center Section | 10/14/2013 | DS 135.G5 .P451 1996 | SCHO0633 | 04/18/2017 | 2 | 10/14/2013 | Books | ||||
| Library of Congress Classification | Luxembourg Library | Luxembourg Library | Scholastic Reading Center Section | 10/16/2013 | DS 135.G5 .P451 1996 | SCHO0213 | 04/18/2017 | 3 | 10/16/2013 | Books |